Les derniers carrés de LDC depuis 2001 - Statistiques

Statistiques générales
  • Ce quiz a été pris 4 536 fois
  • Le résultat moyen est 80 sur 88
Statistiques - réponses
Hint Réponse % Correct
2001 Real Madrid
100%
2002 Real Madrid
100%
2003 Real Madrid
100%
2011 Real Madrid
100%
2012 Real Madrid
100%
2013 Real Madrid
100%
2014 Real Madrid
100%
2015 Real Madrid
100%
2016 Real Madrid
100%
2017 Real Madrid
100%
2018 Real Madrid
100%
2021 Real Madrid
100%
2022 Real Madrid
100%
2002 FC Barcelone
99%
2006 FC Barcelone
99%
2008 FC Barcelone
99%
2009 FC Barcelone
99%
2010 FC Barcelone
99%
2011 FC Barcelone
99%
2012 FC Barcelone
99%
2013 FC Barcelone
99%
2015 FC Barcelone
99%
2019 FC Barcelone
99%
2010 Olympique Lyonnais
99%
2020 Olympique Lyonnais
99%
2001 Bayern Munich
98%
2010 Bayern Munich
98%
2012 Bayern Munich
98%
2013 Bayern Munich
98%
2014 Bayern Munich
98%
2015 Bayern Munich
98%
2016 Bayern Munich
98%
2018 Bayern Munich
98%
2020 Bayern Munich
98%
2016 Manchester City
98%
2021 Manchester City
98%
2022 Manchester City
98%
2020 PSG
98%
2021 PSG
98%
2002 Manchester United
97%
2007 Manchester United
97%
2008 Manchester United
97%
2009 Manchester United
97%
2011 Manchester United
97%
2003 Inter Milan
96%
2010 Inter Milan
96%
2005 Liverpool
96%
2007 Liverpool
96%
2008 Liverpool
96%
2018 Liverpool
96%
2019 Liverpool
96%
2022 Liverpool
96%
2004 Chelsea
95%
2005 Chelsea
95%
2007 Chelsea
95%
2008 Chelsea
95%
2009 Chelsea
95%
2012 Chelsea
95%
2014 Chelsea
95%
2021 Chelsea
95%
2013 Borussia Dortmund
94%
2003 Juventus
94%
2015 Juventus
94%
2017 Juventus
94%
2003 AC Milan
91%
2005 AC Milan
91%
2006 AC Milan
91%
2007 AC Milan
91%
2014 Atletico Madrid
89%
2016 Atletico Madrid
89%
2017 Atletico Madrid
89%
2019 Ajax
85%
2006 Arsenal
84%
2009 Arsenal
84%
2019 Tottenham
84%
2004 Porto
82%
2004 Monaco
79%
2017 Monaco
79%
2020 RB Leipzig
72%
2018 AS Roma
69%
2006 Villareal
65%
2022 Villareal
65%
2002 Bayer Leverkusen
52%
2001 Valence CF
52%
2005 PSV Eindhoven
49%
2011 Schalke 04
27%
2004 Deportivo La Corogne
26%
2001 Leeds United
18%
Aucun quiz correspondant
Distribution des résultats
% des personnes avec chaque résultat
Percentile par nombre de réponses
Votre historique - résultats
Vous n’avez pas pris ce quiz